India's biggest cover-up / (Record no. 102547)
[ view plain ]
| 000 -LEADER | |
|---|---|
| fixed length control field | 00942nam a22002417a 4500 |
| 005 - DATE AND TIME OF LATEST TRANSACTION | |
| control field | 20170529111722.0 |
| 010 ## - LCCN (DPL NO) | |
| LC control number | 1617EN ENG-117965 |
| 020 ## - INTERNATIONAL STANDARD BOOK NUMBER | |
| International Standard Book Number | 9789380828695 |
| Terms of availability | 600.00 |
| 035 ## - SYSTEM CONTROL NUMBER | |
| System control number | B-648436-442 |
| 035 ## - SYSTEM CONTROL NUMBER | |
| System control number | EN-101497 |
| 035 ## - SYSTEM CONTROL NUMBER | |
| System control number | B-664751 |
| 037 ## - SOURCE OF ACQUISITION | |
| Stock number | dpl |
| Source of stock number/acquisition | Star |
| 037 ## - SOURCE OF ACQUISITION | |
| Source of stock number/acquisition | DBAD/PUB |
| 082 ## - DEWEY DECIMAL CLASSIFICATION NUMBER | |
| Classification number | 954.0841 |
| 100 ## - MAIN ENTRY--PERSONAL NAME | |
| Personal name | Dhar, Anuj |
| 245 ## - TITLE STATEMENT | |
| Title | India's biggest cover-up / |
| Statement of responsibility, etc | by Anuj Dhar |
| 260 ## - PUBLICATION, DISTRIBUTION, ETC. (IMPRINT) | |
| Place of publication, distribution, etc | New Delhi |
| Name of publisher, distributor, etc | Vitasta Pub. |
| Date of publication, distribution, etc | 2016 |
| 270 ## - ADDRESS | |
| Address | 2/15, Ansari Road, Darya Ganj, |
| City | New Delhi |
| Postal code | 110002 |
| 300 ## - PHYSICAL DESCRIPTION | |
| Extent | 443p. |
| Dimensions | 23cm(Hb) |
| 942 ## - ADDED ENTRY ELEMENTS (KOHA) | |
| Source of classification or shelving scheme | Dewey Decimal Classification |
| Item type | English Books |
| Call number suffix | DHA |
| Classification part | 954.0841 |
| Withdrawn status | Lost status | Not for loan | Collection code | Home library | Current library | Date acquired | Source of acquisition | Cost, normal purchase price | Full call number | Barcode | Copy number | Cost, replacement price | Koha item type |
|---|---|---|---|---|---|---|---|---|---|---|---|---|---|
| Non-fiction | Ashok Vihar | Ashok Vihar | 29/05/2017 | BPPD/EN/2016-17/AV/16-17/471/15.2.2017/SP/2241A/25.2.2017/ 6.3.2017 | 600.00 | 954.0841 DHA | B-664751 | 1 | 600.00 | English Books | |||
| Non-fiction | Bawana | Bawana | 05/04/2017 | BPPD/EN/2016-17/305/24.11.2016/SP/2166/7.12.2016/2.1.2017 | 600.00 | 954.0841 DHA | B-648442 | 1 | 600.00 | English Books | |||
| Non-fiction | Central Library | Central Library | 05/04/2017 | BPPD/EN/2016-17/305/24.11.2016/SP/2166/7.12.2016/2.1.2017 | 600.00 | 954.0841 DHA | B-648436 | 1 | 600.00 | English Books | |||
| Non-fiction | Janak Puri | Janak Puri | 05/04/2017 | BPPD/EN/2016-17/305/24.11.2016/SP/2166/7.12.2016/2.1.2017 | 600.00 | 954.0841 DHA | B-648440 | 1 | 600.00 | English Books | |||
| Non-fiction | Kasturba Gandhi Marg | Kasturba Gandhi Marg | 05/04/2017 | BPPD/EN/2016-17/305/24.11.2016/SP/2166/7.12.2016/2.1.2017 | 600.00 | 954.0841 DHA | B-648439 | 1 | 600.00 | English Books | |||
| Non-fiction | New Police Line | New Police Line | 05/04/2017 | BPPD/EN/2016-17/305/24.11.2016/SP/2166/7.12.2016/2.1.2017 | 600.00 | 954.0841 DHA | B-648437 | 1 | 600.00 | English Books | |||
| Non-fiction | Patel Nagar | Patel Nagar | 05/04/2017 | BPPD/EN/2016-17/305/24.11.2016/SP/2166/7.12.2016/2.1.2017 | 600.00 | 954.0841 DHA | B-648438 | 1 | 600.00 | English Books | |||
| Non-fiction | Peshwa Road | Peshwa Road | 27/04/2017 | DBAD/PUB | 600.00 | 954.0841 DHA | EN-101497 | 1 | 600.00 | English Books | |||
| Non-fiction | Sarojini Nagar | Sarojini Nagar | 05/04/2017 | BPPD/EN/2016-17/305/24.11.2016/SP/2166/7.12.2016/2.1.2017 | 600.00 | 954.0841 DHA | B-648441 | 1 | 600.00 | English Books |
